header

Homeownership and the labour market in Europe (Record no. 949)

MARC details
000 -LEADER
fixed length control field 01313nam a2200337Ia 4500
245 00 - TITLE STATEMENT
Title Homeownership and the labour market in Europe
260 ## - PUBLICATION, DISTRIBUTION, ETC. (IMPRINT)
Place of publication Oxford ;
-- New York :
Name of publisher Oxford University Press,
Year of publication 2009.
300 ## - PHYSICAL DESCRIPTION
Number of Pages ix, 255 p. :
Other physical details ill.
650 #0 - SUBJECT ADDED ENTRY--TOPICAL TERM
Topical Term Home ownership
Topical Term Labor market
Topical Term Housing
Topical Term Unemployment
700 1# - ADDED ENTRY--PERSONAL NAME
Personal name Ewijk, Casper van.
Personal name Leuvensteijn, Michiel van.
856 40 - ELECTRONIC LOCATION AND ACCESS
Uniform Resource Identifier http://site.ebrary.com/lib/rucke/Doc?id=10288255

No items available.

© 2026 Rongo University
Contact us: librarian | system librarian | Rongo university